000 00497nam a22001575i 4500
001 158443
003 ES-MaACL
005 20230906211141.0
008 970605s1858 sp |||| | spa d
040 _aCARM
_bspa
_cCCPB | SIC
100 1 _aMadrazo, Francisco de Paula.
_975338
245 1 0 _aImpresiones de un viaje รก Barcelona /
_cpor Francisco de Paula Madrazo.
260 _aMadrid :
_b[s.n.],
_c1858 (
_fImprenta de T. Fortanet)
300 _a109 p. ;
_c20 cm.
852 _aES-MaACL
_jD-1732
999 _c158443
_d158443